000
00292nam a2200145Ia 4500
100
_a
Vigyan Ashram
650
_a
General
942
_c
RB
654
_a
Devlopment
245
_a
Rural Devlopment
260
_b
Vigyan Ashram
_a
Pune
_c
1993
300
_a
94
546
_a
MARATHI
999
_c
20108
_d
20108